| 000 | 00469nam a2200181Ia 4500 | ||
|---|---|---|---|
| 005 | 20260429111943.0 | ||
| 008 | 260429s9999||||xx |||||||||||||| ||und|| | ||
| 020 | _a9789370444577 | ||
| 041 | _aEnglish | ||
| 082 |
_a530.0724 _bKUM |
||
| 100 | _aKumar, Ashok | ||
| 245 | 0 |
_aExperimental physics / _cAshok Kumar |
|
| 260 |
_aNew Delhi : _bAsia Publishers, _c2025. |
||
| 300 | _ax, 260 p.; hb | ||
| 650 | _a Experimental research | ||
| 650 | _aPhysics | ||
| 942 | _cTB | ||
| 999 |
_c51599 _d51599 |
||